000 01319cam a2200373 a 4500
001 300
003 FISKH
005 20230320092020.0
008 040223r20041961nyua b 000 1 eng
010 _a 2004269729
020 _a0394800192
020 _a0394900197 (lib. bdg.)
040 _aDLC
_cDLC
_dDLC
_dFISKH
_beng
042 _alcac
050 0 0 _aPZ8.3.G276
_bTe 2004
082 0 0 _a371
_222
100 1 _aGeisel, Theodor
_d1904-1991.
_qTheodor Seuss Geisel
245 1 0 _aTen apples up on top! /
_cby Dr. Seuss writing as Theo. LeSieg ; illustrated by Roy McKie.
260 _aNew York
_bBeginner Books
_c1989
300 _a34 leaves of plates
_bcol. ill. ;
_c24 cm.
505 _aD
520 _aA lion, a dog, and a tiger balance apples on their heads.
521 8 _a200
_bLexile
521 8 _aD
_bRaz-Plus
650 1 _aAnimals
_vFiction.
650 1 _aCounting.
650 1 _aStories in rhyme.
700 1 _aMcKie, Roy,
_eill.
856 4 2 _3Publisher description
_uhttp://www.loc.gov/catdir/description/random052/2004269729.html
856 4 2 _3Contributor biographical information
_uhttp://www.loc.gov/catdir/enhancements/fy1408/2004269729-b.html
906 _a7
_bcbc
_corigcop
_d2
_encip
_f20
_gy-gencatlg
942 _2ddc
_cBK
_n0
999 _c300
_d300